Litauen A-Z - Statistiken

Allgemein
  • Dieses Quiz wurde 48 mal gespielt
    30 seit der letzten Aktualisierung
  • Das Durchschnittsergebnis liegt bei 13 aus 26
Antwortstatistiken
# Hinweis Antwort % Korrekt
L Nördliches Nachbarland Lettland
96%
O Meer an das Litauen grenzt Ostsee
96%
P Südwestliches Nachbarland Polen
96%
W Südöstliches Nachbarland Weißrussland
96%
V Hauptstadt Vilnius
92%
C Litauen nahm diese Religion 1251 und nochmal 1386 an Christentum
85%
R Südwestliches Nachbarland Russland
85%
E Litauen trat 2004 dieser internationalen Organisation bei Europäische Union
69%
I Litauen unterstützte die USA 2003 im Krieg gegen folgendes Land durch über hundert Sanitäts- und Logistiksoldaten Irak
69%
K Alte Hauptstadt Kaunas
65%
F Litauen führte folgendes Recht 1919 ein {Frauenwahl}recht
58%
H Meeresbucht an die Litauen grenzt Kurisches {Haff}
58%
Z Titel des Staatsoberhaupts 1795-1917 Zar
58%
G Titel des Staatsoberhauptes ca. 1250-1795 Deutscher Titel Großfürst
46%
Q In diesem Werk wird der Name Litauen ("Litua") 1009 zum ersten Mal erwähnt Tipp: Stadt in Sachsen-Anhalt {Quedlinburg}er Annalen
42%
M Deutscher Name der Hafenstadt Klaipėda Memel
31%
B Wallfahrtsort mit vielen Kreuzen Kryžių kalnas Berg der Kreuze
27%
N Präsident seit 2019 Gitanas Nausėda
23%
A Ältester Nationalpark Litauens Aukštaitija
19%
T Bekannte Wasserburg nördlich einer gleichnamigen Stadt(siehe Titelbild) Burg {Trakai}
19%
D Von 1303-1422 war Litauen im Krieg mit diesem Nachbarland Deutscher Orden
19%
U Durch dieses Ereignis wurde ein Teil der orthodoxen Bevölkerung Litauens 1596 griechisch-katholisch {Union} von Brest
15%
J #G von Litauen 1377-1434 ab 1386 König von Polen Jogaila
12%
Y Vetter von #J Gemeinsam schufen sie die polnisch-litauische Realunion unter den Jagiellonen Enthält ein Y Vytautas
12%
X Titel des Staatsoberhauptes ca. 1250-1795 Lateinischer Titel (#G der Litauer, Sarmaten und Ruthenen) Endet auf ein X {Magnus dux} Littwanie, Samathie e Rusie
8%
S Historische Region im Nordwesten Samogitien
8%
Keine übereinstimmenden Quizze gefunden
Verteilung der Resultate
Anzahl Personen mit jedem Resultat
Perzentil nach korrekt beantworteten Fragen
Ihre Resultats-Entwicklung
Sie haben dieses Quiz seit der letzten Aktualisierung nicht gespielt